Angers SCO Squad 2025-2026 - Statistics

General Stats
  • This quiz has been taken 34 times
    6 since last reset
  • The average score is 13 of 29
Answer Stats
# Position Nation Player % Correct
8 MF Netherlands Branco van den Boomen
80%
2 DF Haiti Carlens Arcus
80%
16 GK Congo Melvin Zinga
80%
4 DF Mali Ousmane Camara
80%
11 FW France Sidiki Chérif
80%
- Coach France Alexandre Dujeux
60%
26 DF France Florent Hanin
60%
9 FW Central African Republic Goduine Koyalipou
60%
12 GK Burkina Faso Hervé Koffi
60%
18 FW Gabon Jim Allevinah
60%
21 DF France Jordan Lefort
60%
36 FW France Lanroy Machine
60%
6 MF France Louis Mouton
60%
35 FW France Prosper Peter
60%
14 MF Morocco Yassin Belkhdim
60%
7 FW Morocco Amine Sbaï
40%
93 MF Algeria Haris Belkebla
40%
10 MF Algeria Himad Abdelli
40%
3 DF Gabon Jacques Ekomié
40%
5 MF France Marius Courcoul
40%
15 MF France Pierrick Capelle
40%
25 DF Ivory Coast Abdoulaye Bamba
20%
24 DF France Emmanuel Biumla
20%
27 DF France Lilian Raolisoa
20%
20 DF France Marius Louër
20%
34 MF France Amine Moussaoui
0%
23 DF Mali Dan Sinaté
0%
17 FW France Justin Kalumba
0%
40 GK Mali Oumar Pona
0%
No matching quizzes found
Score Distribution
Percent of People with Each Score
Percentile by Number Answered
Your Score History
You have not taken this quiz since the last reset